| 000 | 00713nam a2200205Ii 4500 | ||
|---|---|---|---|
| 003 | JO-AjNU | ||
| 008 | 230605s9999||||xx |||||||||||||| ||und|| | ||
| 017 | _a2006/8/2149 | ||
| 040 |
_aJO-AjNU _bara _erda _cJO-AjNU |
||
| 041 | _aara | ||
| 050 | 1 | 4 | _aBS718.A282 2007 |
| 100 | 3 |
_aأبو عواد، إبراهيم, _eauthor _950227 |
|
| 245 | 0 | 0 | _aالتناقض في التوراة والأناجيل |
| 264 | 3 | 1 | _aعمان: دار اليازوري العلمية للنشر والتوزيع، 2007 |
| 300 | _a79ص | ||
| 336 |
_atext _btxt _2rdacontent |
||
| 337 |
_aunmediated _bn _2rdamedia |
||
| 338 |
_avolume _bnc _2rdacarrier |
||
| 650 | 4 |
_aالتوراة- الانجيل- الكتب المقدسة _950228 |
|
| 999 |
_aA22112 _c25680 _d25680 |
||